Agriculture and economic growth : theory and measurement
This book covers aspects of the modern economics of agriculture and its place in the growing economy. It presents a theory of the growth of the agricultural sector within the context of a growing economy. The author explores the various aspects of the dynamics of agriculture and their relationship t...
সংরক্ষণ করুন:
| প্রধান লেখক: | |
|---|---|
| বিন্যাস: | গ্রন্থ |
| ভাষা: | Undetermined |
| প্রকাশিত: |
Cambridge, MA
Harvard University Press.
2000
|
| বিষয়গুলি: | |
| ট্যাগগুলো: |
ট্যাগ যুক্ত করুন
কোনো ট্যাগ নেই, প্রথমজন হিসাবে ট্যাগ করুন!
|
| Thư viện lưu trữ: | Trung tâm Học liệu Trường Đại học Cần Thơ |
|---|
| LEADER | 01076nam a2200241Ia 4500 | ||
|---|---|---|---|
| 001 | CTU_126405 | ||
| 008 | 210402s9999 xx 000 0 und d | ||
| 020 | |c 67.00 | ||
| 082 | |a 338.1 | ||
| 082 | |b M965 | ||
| 100 | |a Mundlak, Yair | ||
| 245 | 0 | |a Agriculture and economic growth : | |
| 245 | 0 | |b theory and measurement | |
| 245 | 0 | |c Yair Mundlak | |
| 260 | |a Cambridge, MA | ||
| 260 | |b Harvard University Press. | ||
| 260 | |c 2000 | ||
| 520 | |a This book covers aspects of the modern economics of agriculture and its place in the growing economy. It presents a theory of the growth of the agricultural sector within the context of a growing economy. The author explores the various aspects of the dynamics of agriculture and their relationship to the dynamics of the economy at large, offering a unique blend of theory, methodology, and empirical analysis | ||
| 650 | |a Agriculture,Economic development.,Agriculture and state | ||
| 650 | |x Economic aspects. | ||
| 650 | |z United States. | ||
| 904 | |i Minh | ||
| 980 | |a Trung tâm Học liệu Trường Đại học Cần Thơ | ||